La renovación de las empresas : a través del camino crítico /

Guardado en:
Autor Principal: Beer, Michael.
Otros Autores: Eisnestat, Russell A., Spector, Bert.
Formato: Libro
Idioma:Spanish
English
Publicado: Madrid ; Buenos Aires : McGraw-Hill, Interamericana de España, c1992.
Edición:1a. ed. en español.
Series:Serie McGraw-Hill de management.
Materias:
Etiquetas: Agregar Etiqueta
Sin Etiquetas, Sea el primero en etiquetar este registro!
LEADER 01171nam a22002895 4500
001 EAD.ead003144
008 080718s1992####ag#######b####001#0#spa#d
005 20120321180955.0
245 1 3 |a La renovación de las empresas :  |b a través del camino crítico /  |c Michael Beer, Russell A. Eisnestat, Bert Spector ; traducción Francisco Ortiz Chaparro. 
250 |a 1a. ed. en español. 
260 |a Madrid ;  |a Buenos Aires :  |b McGraw-Hill, Interamericana de España,  |c c1992. 
300 |a xviii, 230 p. ;  |c 24 cm. 
490 1 |a Serie McGraw-Hill de management 
500 |a Traducción de: The critical path to corporate renewal. 
504 |a Incluye referencias bilbiográficas e índice. 
020 |a 8476158394 
100 1 |a Beer, Michael. 
700 1 |a Eisnestat, Russell A. 
700 1 |a Spector, Bert. 
830 0 |a Serie McGraw-Hill de management. 
082 0 4 |a 658.406  |2 21 
650 7 |a Competencia.  |2 unbist 
650 7 |a Cambio organizacional.  |2 unbist 
651 7 |a Estados unidos.  |2 unbist 
041 1 |a spa  |h eng 
859 |a AR-BaBDC  |b BIB. ADMINISTRACION - Libros  |h 658.406  |i B392  |p b02598 
859 |a AR-BaBDC  |b BIB. ADMINISTRACION - Libros  |h 658.406  |i B392  |p b04362  |t Ej.2